[Event "DEM U10w 2024"]
[Site "Willingen GER"]
[Date "2024.05.22"]
[Round "6"]
[White "Sniegowski, Amalia"]
[Black "Lao, Theodora Siyuan"]
[Result "1-0"]
[Termination "normal"]
[Board "17"]
[WhiteElo "998"]
[BlackElo "1087"]
[WhiteClock "00:35:35"]
[BlackClock "01:10:27"]
[PlyCount "117"]
[WhiteFideId "34675620"]
[BlackFideId "34667547"]
[EventCountry "GER"]
[EventRounds "11"]
[EventType "swiss"]
[EventDate "2024.05.18"]

1. e4 {[%clk 01:15:57]} {[%emt 00:00:01]} e5 {[%clk 01:15:57]} {[%emt
00:00:04]} 2. Nf3 {[%clk 01:16:24]} {[%emt 00:00:04]} Nc6 {[%clk 01:16:20]}
{[%emt 00:00:07]} 3. Bc4 {[%clk 01:16:48]} {[%emt 00:00:05]} Nf6 {[%clk
01:16:44]} {[%emt 00:00:07]} 4. d3 {[%clk 01:17:11]} {[%emt 00:00:07]} Bc5
{[%clk 01:16:46]} {[%emt 00:00:27]} 5. c3 {[%clk 01:17:21]} {[%emt 00:00:20]}
d5 {[%clk 01:16:52]} {[%emt 00:00:25]} 6. exd5 {[%emt 00:00:29]} Nxd5 {[%clk
01:17:12]} {[%emt 00:00:07]} 7. Nbd2 {[%clk 01:17:00]} {[%emt 00:00:54]} O-O
{[%clk 01:17:00]} {[%emt 00:00:42]} 8. O-O {[%clk 01:17:22]} {[%emt 00:00:09]}
Bg4 {[%clk 01:17:22]} {[%emt 00:00:08]} 9. h3 {[%clk 01:17:25]} {[%emt
00:00:27]} Bh5 {[%clk 01:17:34]} {[%emt 00:00:17]} 10. Re1 {[%clk 01:16:39]}
{[%emt 00:01:16]} Re8 {[%clk 01:16:34]} {[%emt 00:01:30]} 11. Ne4 {[%clk
01:15:59]} {[%emt 00:01:11]} Bb6 {[%clk 01:16:09]} {[%emt 00:00:52]} 12. Ng3
{[%clk 01:15:30]} {[%emt 00:01:01]} Bxf3 {[%clk 01:15:39]} {[%emt 00:00:59]}
13. Qxf3 {[%clk 01:14:59]} {[%emt 00:01:02]} Nce7 {[%clk 01:14:22]} {[%emt
00:01:46]} 14. Rxe5 {[%clk 01:13:23]} {[%emt 00:02:07]} c6 {[%clk 01:14:19]}
{[%emt 00:00:34]} 15. Nh5 {[%clk 01:03:19]} {[%emt 00:10:32]} Qd6 {[%clk
01:13:37]} {[%emt 00:01:11]} 16. Bf4 {[%clk 00:59:30]} {[%emt 00:04:21]} Nxf4
{[%clk 01:12:36]} {[%emt 00:01:32]} 17. Qxf4 {[%clk 00:58:32]} {[%emt
00:01:27]} Qg6 {[%clk 01:11:16]} {[%emt 00:01:48]} 18. Qf3 {[%clk 00:50:55]}
{[%emt 00:08:09]} Bc7 {[%clk 01:09:24]} {[%emt 00:02:19]} 19. Re4 {[%clk
00:46:08]} {[%emt 00:05:20]} b5 {[%clk 01:09:07]} {[%emt 00:00:48]} 20. Bb3
{[%clk 00:45:49]} {[%emt 00:00:49]} Rad8 {[%clk 01:08:08]} {[%emt 00:01:27]}
21. d4 {[%clk 00:44:40]} {[%emt 00:01:41]} Qf5 {[%clk 01:07:11]} {[%emt
00:01:19]} 22. Qg4 {[%clk 00:39:58]} {[%emt 00:05:19]} Qxg4 {[%clk 01:07:01]}
{[%emt 00:00:40]} 23. Rxg4 {[%clk 00:40:17]} {[%emt 00:00:10]} g6 {[%clk
01:06:52]} {[%emt 00:00:40]} 24. Nf6+ {[%clk 00:40:11]} {[%emt 00:00:36]} Kg7
{[%clk 01:07:03]} {[%emt 00:00:19]} 25. Nxe8+ {[%clk 00:40:01]} {[%emt
00:00:40]} Rxe8 {[%clk 01:07:23]} {[%emt 00:00:11]} 26. Re4 {[%clk 00:38:25]}
{[%emt 00:02:06]} f5 {[%clk 01:07:13]} {[%emt 00:00:40]} 27. Re2 {[%clk
00:36:47]} {[%emt 00:02:08]} Kf6 {[%clk 01:07:02]} {[%emt 00:00:36]} 28. Rae1
{[%clk 00:35:44]} {[%emt 00:01:36]} Bd6 {[%clk 01:06:40]} {[%emt 00:00:52]} 29.
Re6+ {[%clk 00:34:57]} {[%emt 00:01:18]} Kg5 {[%clk 01:06:48]} {[%emt
00:00:21]} 30. Rxd6 {[%clk 00:35:05]} {[%emt 00:00:24]} Nc8 {[%clk 01:06:03]}
{[%emt 00:01:14]} 31. Rxe8 {[%clk 00:34:50]} {[%emt 00:00:45]} Nxd6 {[%clk
01:06:20]} {[%emt 00:00:13]} 32. Ra8 {[%clk 00:34:32]} {[%emt 00:00:48]} h5
{[%clk 01:05:49]} {[%emt 00:01:01]} 33. g4 {[%clk 00:33:36]} {[%emt 00:01:26]}
hxg4 {[%clk 01:05:59]} {[%emt 00:00:20]} 34. hxg4 {[%clk 00:33:57]} {[%emt
00:00:09]} Kxg4 {[%clk 01:05:16]} {[%emt 00:01:13]} 35. Rxa7 {[%clk 00:33:59]}
{[%emt 00:00:28]} g5 {[%clk 01:05:31]} {[%emt 00:00:15]} 36. Bd1+ {[%clk
00:33:46]} {[%emt 00:00:43]} Kf4 {[%clk 01:05:27]} {[%emt 00:00:31]} 37. Re7
{[%clk 00:33:45]} {[%emt 00:00:34]} g4 {[%clk 01:05:33]} {[%emt 00:00:25]} 38.
Kg2 {[%clk 00:33:30]} {[%emt 00:00:44]} Ne4 {[%clk 01:05:37]} {[%emt 00:00:26]}
39. f3 {[%clk 00:33:27]} {[%emt 00:00:34]} gxf3+ {[%clk 01:05:30]} {[%emt
00:00:36]} 40. Bxf3 {[%clk 00:33:42]} {[%emt 00:00:15]} Ke3 {[%clk 01:05:06]}
{[%emt 00:00:53]} 41. Bxe4 {[%clk 00:33:44]} {[%emt 00:00:29]} fxe4 {[%clk
01:05:11]} {[%emt 00:00:24]} 42. Kf1 {[%clk 00:33:00]} {[%emt 00:01:15]} Kf3
{[%clk 01:05:19]} {[%emt 00:00:20]} 43. Re6 {[%clk 00:33:05]} {[%emt 00:00:28]}
Ke3 {[%clk 01:05:38]} {[%emt 00:00:10]} 44. Rxc6 {[%clk 00:33:16]} {[%emt
00:00:19]} Kd2 {[%clk 01:05:58]} {[%emt 00:00:08]} 45. Kf2 {[%clk 00:33:13]}
{[%emt 00:00:35]} e3 {[%clk 01:06:18]} {[%emt 00:00:11]} 46. Kf3 {[%clk
00:33:02]} {[%emt 00:00:41]} e2 {[%clk 01:06:38]} {[%emt 00:00:10]} 47. Re6
{[%clk 00:33:05]} {[%emt 00:00:26]} e1=Q {[%emt 00:00:48]} 48. Rxe1 {[%clk
00:33:24]} {[%emt 00:00:11]} Kxe1 {[%clk 01:06:46]} {[%emt 00:00:05]} 49. d5
{[%clk 00:33:44]} {[%emt 00:00:10]} Kd2 {[%clk 01:07:10]} {[%emt 00:00:05]} 50.
d6 {[%clk 00:34:06]} {[%emt 00:00:08]} Kc2 {[%clk 01:07:34]} {[%emt 00:00:06]}
51. d7 {[%clk 00:34:26]} {[%emt 00:00:11]} Kxb2 {[%clk 01:07:59]} {[%emt
00:00:04]} 52. d8=Q {[%clk 00:34:43]} {[%emt 00:00:13]} Kxc3 {[%clk 01:08:21]}
{[%emt 00:00:08]} 53. Qd5 {[%clk 00:34:29]} {[%emt 00:00:44]} b4 {[%clk
01:08:41]} {[%emt 00:00:10]} 54. Qc5+ {[%clk 00:34:28]} {[%emt 00:00:31]} Kb2
{[%clk 01:09:03]} {[%emt 00:00:08]} 55. Qxb4+ {[%clk 00:34:20]} {[%emt
00:00:38]} Kxa2 {[%clk 01:09:25]} {[%emt 00:00:09]} 56. Ke2 {[%clk 00:34:29]}
{[%emt 00:00:20]} Ka1 {[%clk 01:09:50]} {[%emt 00:00:05]} 57. Kd2 {[%clk
00:34:49]} {[%emt 00:00:10]} Ka2 {[%clk 01:10:09]} {[%emt 00:00:12]} 58. Kc2
{[%clk 00:35:12]} {[%emt 00:00:06]} Ka1 {[%clk 01:10:27]} {[%emt 00:00:12]} 59.
Qb2# {[%clk 00:35:35]} {[%emt 00:00:06]} 1-0

[Event "DEM U10w 2024"]
[Site "Willingen GER"]
[Date "2024.05.22"]
[Round "6"]
[White "Seyedfakhari, Elena"]
[Black "Hirtzel, Hanna Meiki"]
[Result "1-0"]
[Termination "normal"]
[Board "18"]
[WhiteElo "1060"]
[BlackElo "942"]
[WhiteClock "01:08:31"]
[BlackClock "00:35:46"]
[PlyCount "75"]
[WhiteFideId "34639888"]
[EventCountry "GER"]
[EventRounds "11"]
[EventType "swiss"]
[EventDate "2024.05.18"]

1. e4 {[%clk 01:15:59]} {[%emt 00:00:01]} c6 {[%clk 01:15:54]} {[%emt
00:00:07]} 2. d3 {[%clk 01:16:20]} {[%emt 00:00:08]} d5 {[%clk 01:16:15]}
{[%emt 00:00:07]} 3. Nf3 {[%clk 01:16:42]} {[%emt 00:00:10]} Nf6 {[%clk
01:16:06]} {[%emt 00:00:38]} 4. Bd2 {[%clk 01:16:50]} {[%emt 00:00:20]} Bg4
{[%clk 01:16:14]} {[%emt 00:00:24]} 5. Be2 {[%clk 01:15:58]} {[%emt 00:01:23]}
e6 {[%clk 01:16:17]} {[%emt 00:00:25]} 6. h3 {[%clk 01:15:54]} {[%emt
00:00:36]} Bh5 {[%clk 01:16:33]} {[%emt 00:00:13]} 7. O-O {[%clk 01:16:04]}
{[%emt 00:00:21]} Bd6 {[%clk 01:16:46]} {[%emt 00:00:17]} 8. exd5 {[%clk
01:16:12]} {[%emt 00:00:21]} exd5 {[%clk 01:15:41]} {[%emt 00:01:35]} 9. Bg5
{[%clk 01:15:39]} {[%emt 00:01:03]} O-O {[%clk 01:15:33]} {[%emt 00:00:39]} 10.
c4 {[%clk 01:15:23]} {[%emt 00:00:45]} Nbd7 {[%clk 01:14:05]} {[%emt 00:01:56]}
11. cxd5 {[%clk 01:15:27]} {[%emt 00:00:28]} cxd5 {[%clk 01:14:04]} {[%emt
00:00:32]} 12. d4 {[%clk 01:15:24]} {[%emt 00:00:32]} Be7 {[%clk 01:12:24]}
{[%emt 00:02:08]} 13. Nbd2 {[%clk 01:15:11]} {[%emt 00:00:45]} h6 {[%clk
01:11:43]} {[%emt 00:01:11]} 14. Bh4 {[%emt 00:02:56]} Qc7 {[%clk 01:09:20]}
{[%emt 00:00:03]} 15. Rc1 {[%clk 01:15:09]} {[%emt 00:00:55]} Qb6 {[%clk
01:08:22]} {[%emt 00:01:23]} 16. b3 {[%clk 01:14:06]} {[%emt 00:01:40]} Rac8
{[%clk 01:07:20]} {[%emt 00:01:27]} 17. Rxc8 {[%clk 01:14:15]} {[%emt
00:00:25]} Rxc8 {[%clk 01:07:26]} {[%emt 00:00:24]} 18. Ne5 {[%clk 01:14:20]}
{[%emt 00:00:19]} Nxe5 {[%clk 01:07:27]} {[%emt 00:00:36]} 19. dxe5 {[%clk
01:14:38]} {[%emt 00:00:11]} Ne4 {[%clk 01:03:37]} {[%emt 00:04:18]} 20. Bxe7
{[%clk 01:14:35]} {[%emt 00:00:35]} Bg6 {[%clk 01:02:36]} {[%emt 00:01:16]} 21.
Nxe4 {[%clk 01:13:56]} {[%emt 00:01:24]} dxe4 {[%clk 01:02:31]} {[%emt
00:00:35]} 22. Bh5 {[%clk 01:13:32]} {[%emt 00:00:50]} Bf5 {[%clk 01:02:12]}
{[%emt 00:00:46]} 23. Qd5 {[%clk 01:12:38]} {[%emt 00:01:12]} Be6 {[%clk
00:59:54]} {[%emt 00:03:05]} 24. Qxe4 {[%clk 01:12:32]} {[%emt 00:00:38]} Re8
{[%clk 00:59:15]} {[%emt 00:00:58]} 25. Bh4 {[%clk 01:12:30]} {[%emt 00:00:35]}
f5 {[%clk 00:55:08]} {[%emt 00:04:44]} 26. Qf4 {[%clk 01:11:42]} {[%emt
00:00:54]} Rc8 {[%clk 00:53:45]} {[%emt 00:02:01]} 27. Rc1 {[%clk 01:11:24]}
{[%emt 00:00:57]} Rxc1+ {[%clk 00:53:16]} {[%emt 00:01:08]} 28. Qxc1 {[%clk
01:11:41]} {[%emt 00:00:13]} Qd4 {[%clk 00:52:31]} {[%emt 00:01:09]} 29. Bg6
{[%clk 01:11:34]} {[%emt 00:00:38]} Qxh4 {[%clk 00:50:28]} {[%emt 00:02:36]}
30. Qd2 {[%clk 01:09:41]} {[%emt 00:01:38]} f4 {[%clk 00:49:29]} {[%emt
00:02:12]} 31. Qd6 {[%clk 01:09:13]} {[%emt 00:00:49]} Bc8 {[%clk 00:44:13]}
{[%emt 00:05:40]} 32. Qb8 {[%clk 01:09:00]} {[%emt 00:00:53]} Qd8 {[%clk
00:43:18]} {[%emt 00:01:24]} 33. Bf5 {[%clk 01:09:16]} {[%emt 00:00:18]} Qg5
{[%clk 00:36:55]} {[%emt 00:06:42]} 34. Qxc8+ {[%clk 01:09:33]} {[%emt
00:00:29]} Kf7 {[%clk 00:37:08]} {[%emt 00:00:15]} 35. Qe6+ {[%clk 01:09:17]}
{[%emt 00:00:44]} Kf8 {[%clk 00:37:03]} {[%emt 00:00:39]} 36. Bg6 {[%clk
01:08:50]} {[%emt 00:00:56]} Qe7 {[%clk 00:35:43]} {[%emt 00:01:44]} 37. Qc8+
{[%clk 01:08:49]} {[%emt 00:00:38]} Qe8 {[%clk 00:35:46]} {[%emt 00:00:26]} 38.
Qxe8# {[%clk 01:08:31]} {[%emt 00:00:15]} 1-0

[Event "DEM U10w 2024"]
[Site "Willingen GER"]
[Date "2024.05.22"]
[Round "6"]
[White "Wittmann, Finja-Marie"]
[Black "Böhm, Arwen Skadi"]
[Result "0-1"]
[Termination "normal"]
[Board "19"]
[WhiteElo "763"]
[BlackElo "968"]
[WhiteClock "01:16:32"]
[BlackClock "01:04:02"]
[PlyCount "70"]
[WhiteFideId "34673903"]
[EventCountry "GER"]
[EventRounds "11"]
[EventType "swiss"]
[EventDate "2024.05.18"]

1. e4 {[%clk 01:15:58]} {[%emt 00:00:02]} e5 {[%clk 01:15:56]} {[%emt
00:00:04]} 2. Nf3 {[%clk 01:16:24]} {[%emt 00:00:04]} Nc6 {[%clk 01:16:20]} 3.
Bc4 {[%clk 01:16:48]} {[%emt 00:00:12]} Nf6 {[%clk 01:16:44]} 4. Nc3 {[%clk
01:17:09]} {[%emt 00:00:15]} Bc5 {[%clk 01:17:03]} 5. O-O {[%clk 01:16:02]}
{[%emt 00:01:09]} O-O 6. d3 {[%clk 01:16:02]} {[%emt 00:00:39]} d6 {[%clk
01:17:24]} 7. Bg5 {[%clk 01:15:25]} {[%emt 00:01:15]} Be6 {[%clk 01:12:12]} 8.
Bb3 {[%clk 01:15:20]} {[%emt 00:06:18]} h6 {[%clk 01:12:02]} 9. Bh4 {[%clk
01:15:48]} {[%emt 00:00:42]} d5 {[%clk 01:11:50]} 10. Re1 {[%clk 01:14:18]}
{[%emt 00:02:42]} d4 {[%clk 01:11:50]} 11. Nd5 {[%clk 01:14:18]} Bxd5 {[%clk
01:11:50]} 12. exd5 {[%clk 01:14:18]} Nb4 {[%clk 01:11:50]} 13. Qd2 {[%clk
01:14:18]} Nbxd5 {[%clk 01:12:14]} {[%emt 00:03:11]} 14. Nxe5 {[%clk 01:14:07]}
{[%emt 00:00:37]} Re8 {[%clk 01:11:14]} {[%emt 00:01:27]} 15. Bxd5 {[%clk
01:13:12]} {[%emt 00:01:27]} Qxd5 {[%clk 01:11:18]} {[%emt 00:00:25]} 16. Bxf6
{[%clk 01:13:09]} {[%emt 00:00:34]} gxf6 {[%clk 01:11:29]} {[%emt 00:00:18]}
17. Qf4 {[%clk 01:13:22]} {[%emt 00:00:17]} fxe5 {[%clk 01:11:00]} {[%emt
00:01:00]} 18. Qxh6 {[%clk 01:13:32]} {[%emt 00:00:19]} Be7 {[%clk 01:10:21]}
{[%emt 00:01:06]} 19. c3 {[%clk 01:13:45]} {[%emt 00:00:21]} dxc3 {[%clk
01:10:06]} {[%emt 00:00:44]} 20. Re3 {[%clk 01:13:50]} {[%emt 00:00:25]} Bg5
{[%clk 01:06:38]} {[%emt 00:03:59]} 21. Qxg5+ {[%clk 01:14:04]} {[%emt
00:00:14]} Kf8 {[%clk 01:06:45]} {[%emt 00:00:24]} 22. Rh3 {[%clk 01:14:15]}
{[%emt 00:00:19]} f6 {[%clk 01:05:35]} {[%emt 00:01:37]} 23. Qg6 {[%clk
01:14:33]} {[%emt 00:00:16]} Qf7 {[%clk 01:05:20]} {[%emt 00:00:45]} 24. Rh8+
{[%clk 01:14:49]} {[%emt 00:00:14]} Ke7 {[%clk 01:05:30]} {[%emt 00:00:20]} 25.
Qf5 {[%clk 01:14:31]} {[%emt 00:00:47]} Rxh8 {[%clk 01:05:34]} {[%emt
00:00:27]} 26. Qf4 {[%clk 01:14:31]} {[%emt 00:00:29]} exf4 {[%clk 01:05:48]}
{[%emt 00:00:16]} 27. Re1+ {[%clk 01:14:57]} {[%emt 00:00:06]} Kd7 {[%clk
01:06:08]} {[%emt 00:00:09]} 28. bxc3 {[%clk 01:15:16]} {[%emt 00:00:11]} Qxa2
{[%clk 01:06:01]} {[%emt 00:00:37]} 29. d4 {[%clk 01:15:15]} {[%emt 00:00:31]}
Rae8 {[%clk 01:05:34]} {[%emt 00:00:56]} 30. Rd1 {[%clk 01:15:24]} {[%emt
00:00:22]} Qc2 {[%clk 01:05:18]} {[%emt 00:00:46]} 31. Rf1 {[%clk 01:15:45]}
{[%emt 00:00:09]} Qe2 {[%clk 01:04:52]} {[%emt 00:00:54]} 32. h3 {[%clk
01:16:04]} {[%emt 00:00:13]} f3 {[%clk 01:03:56]} {[%emt 00:01:26]} 33. gxf3
{[%clk 01:16:23]} {[%emt 00:00:10]} Reg8+ {[%emt 00:00:15]} 34. Kh1 {[%emt
00:00:23]} Qxf3+ {[%clk 01:03:40]} {[%emt 00:00:08]} 35. Kh2 {[%clk 01:16:32]}
{[%emt 00:00:21]} Qxh3# {[%clk 01:04:02]} {[%emt 00:00:08]} 0-1

[Event "DEM U10w 2024"]
[Site "Willingen GER"]
[Date "2024.05.22"]
[Round "6"]
[White "Pygoch, Lene"]
[Black "Malan, Benita Helena"]
[Result "0-1"]
[Termination "normal"]
[Board "20"]
[WhiteElo "917"]
[BlackElo "738"]
[WhiteClock "01:19:15"]
[BlackClock "01:18:23"]
[PlyCount "40"]
[WhiteFideId "533016496"]
[EventCountry "GER"]
[EventRounds "11"]
[EventType "swiss"]
[EventDate "2024.05.18"]

1. e4 {[%clk 01:15:58]} {[%emt 00:00:02]} e5 {[%clk 01:15:54]} {[%emt
00:00:07]} 2. Nf3 {[%clk 01:16:21]} {[%emt 00:00:07]} Nc6 {[%clk 01:16:15]}
{[%emt 00:00:08]} 3. Bc4 {[%clk 01:16:45]} {[%emt 00:00:06]} Bc5 {[%clk
01:16:38]} {[%emt 00:00:07]} 4. c3 {[%clk 01:17:06]} {[%emt 00:00:09]} Nf6
{[%clk 01:17:02]} {[%emt 00:00:06]} 5. d4 {[%clk 01:17:27]} {[%emt 00:00:10]}
exd4 {[%clk 01:17:21]} {[%emt 00:00:10]} 6. O-O {[%clk 01:17:48]} {[%emt
00:00:09]} d6 {[%clk 01:16:58]} {[%emt 00:00:53]} 7. a4 {[%clk 01:17:19]}
{[%emt 00:01:00]} Bg4 {[%clk 01:16:56]} {[%emt 00:00:31]} 8. b4 {[%clk
01:17:39]} {[%emt 00:00:11]} Bb6 {[%clk 01:16:44]} {[%emt 00:00:36]} 9. a5
{[%clk 01:18:01]} {[%emt 00:00:13]} O-O {[%clk 01:16:38]} {[%emt 00:00:36]} 10.
axb6 {[%clk 01:18:24]} {[%emt 00:00:08]} axb6 {[%clk 01:16:47]} {[%emt
00:00:21]} 11. Rxa8 {[%clk 01:18:41]} {[%emt 00:00:12]} Qxa8 {[%clk 01:17:08]}
{[%emt 00:00:09]} 12. Bg5 {[%emt 00:00:16]} Nxe4 {[%emt 00:00:28]} 13. Nbd2
{[%clk 01:17:53]} {[%emt 00:00:34]} Nxg5 {[%clk 01:17:23]} {[%emt 00:00:15]}
14. Nxg5 {[%clk 01:18:13]} {[%emt 00:00:10]} Bxd1 {[%clk 01:17:40]} {[%emt
00:00:13]} 15. Rxd1 {[%clk 01:18:33]} {[%emt 00:00:10]} dxc3 {[%clk 01:17:57]}
{[%emt 00:00:14]} 16. Nde4 {[%clk 01:18:49]} {[%emt 00:00:13]} c2 {[%clk
01:18:12]} {[%emt 00:00:14]} 17. Rc1 {[%clk 01:19:11]} {[%emt 00:00:09]} Qa4
{[%clk 01:18:01]} {[%emt 00:00:39]} 18. Bd3 {[%clk 01:19:07]} {[%emt 00:00:36]}
Qa3 {[%clk 01:18:13]} {[%emt 00:00:18]} 19. Bxc2 {[%clk 01:19:18]} {[%emt
00:00:18]} Qxc1+ {[%clk 01:18:06]} {[%emt 00:00:38]} 20. Bd1 {[%clk 01:19:15]}
{[%emt 00:00:31]} Qxd1# {[%clk 01:18:23]} {[%emt 00:00:15]} 0-1

[Event "DEM U10w 2024"]
[Site "Willingen GER"]
[Date "2024.05.22"]
[Round "6"]
[White "He, Siqi"]
[Black "Fahim, Lina"]
[Result "1-0"]
[Termination "normal"]
[Board "21"]
[WhiteElo "907"]
[BlackElo "744"]
[WhiteClock "01:00:46"]
[BlackClock "00:38:15"]
[PlyCount "105"]
[WhiteFideId "34682708"]
[BlackFideId "533004820"]
[EventCountry "GER"]
[EventRounds "11"]
[EventType "swiss"]
[EventDate "2024.05.18"]

1. e4 {[%clk 01:15:59]} {[%emt 00:00:01]} e5 {[%clk 01:15:59]} {[%emt
00:00:02]} 2. Nf3 {[%clk 01:16:21]} {[%emt 00:00:07]} Nc6 {[%clk 01:16:18]}
{[%emt 00:00:10]} 3. Bc4 {[%clk 01:16:44]} {[%emt 00:00:07]} Bc5 {[%clk
01:16:39]} {[%emt 00:00:09]} 4. d3 {[%clk 01:17:03]} {[%emt 00:00:11]} Nf6
{[%clk 01:16:32]} {[%emt 00:00:37]} 5. O-O {[%clk 01:17:15]} {[%emt 00:00:18]}
O-O {[%clk 01:16:50]} {[%emt 00:00:12]} 6. c3 {[%clk 01:17:33]} {[%emt
00:00:12]} d6 {[%clk 01:15:18]} {[%emt 00:02:03]} 7. Nbd2 {[%clk 01:16:52]}
{[%emt 00:00:11]} Bg4 {[%clk 01:14:12]} {[%emt 00:02:35]} 8. Re1 {[%clk
01:16:47]} {[%emt 00:00:34]} Qd7 {[%clk 01:10:00]} {[%emt 00:04:44]} 9. b4
{[%clk 01:15:30]} {[%emt 00:01:44]} Bb6 {[%clk 01:10:11]} {[%emt 00:00:22]} 10.
Nf1 {[%clk 01:14:53]} {[%emt 00:01:06]} a5 {[%clk 01:09:30]} {[%emt 00:01:11]}
11. b5 {[%clk 01:14:50]} {[%emt 00:00:32]} Nb8 {[%clk 01:06:58]} {[%emt
00:03:04]} 12. Bg5 {[%clk 01:14:54]} {[%emt 00:00:25]} Qe7 {[%clk 01:06:21]}
{[%emt 00:00:55]} 13. h3 {[%clk 01:15:07]} {[%emt 00:00:29]} Bh5 {[%clk
01:05:56]} {[%emt 00:00:56]} 14. Ng3 {[%clk 01:15:26]} {[%emt 00:00:10]} Bg6
{[%clk 01:05:16]} {[%emt 00:01:10]} 15. Nh4 {[%clk 01:15:27]} {[%emt 00:00:28]}
Bh5 {[%clk 01:00:23]} {[%emt 00:05:24]} 16. Nxh5 {[%clk 01:15:34]} {[%emt
00:00:21]} Re8 {[%clk 00:59:01]} {[%emt 00:01:53]} 17. Qf3 {[%clk 01:15:21]}
{[%emt 00:00:44]} Nbd7 {[%clk 00:57:02]} {[%emt 00:02:30]} 18. Bxf6 {[%clk
01:10:57]} {[%emt 00:04:53]} Nxf6 {[%clk 00:55:39]} {[%emt 00:01:54]} 19. Nxf6+
{[%emt 00:00:52]} Qxf6 {[%clk 00:55:27]} {[%emt 00:00:29]} 20. Qxf6 {[%clk
01:11:05]} {[%emt 00:00:12]} gxf6 {[%clk 00:55:22]} {[%emt 00:00:36]} 21. Rad1
{[%clk 01:11:00]} {[%emt 00:00:36]} Kh8 {[%clk 00:55:08]} {[%emt 00:00:42]} 22.
d4 {[%clk 01:11:19]} {[%emt 00:00:12]} a4 {[%clk 00:55:10]} {[%emt 00:00:28]}
23. Bxf7 {[%clk 01:11:06]} {[%emt 00:00:26]} Rf8 {[%clk 00:55:29]} {[%emt
00:00:28]} 24. Bd5 {[%clk 01:10:57]} {[%emt 00:00:38]} Ra5 {[%clk 00:55:47]}
{[%emt 00:00:13]} 25. Bxb7 {[%clk 01:10:26]} {[%emt 00:01:01]} Rg8 {[%clk
00:55:52]} {[%emt 00:00:24]} 26. dxe5 {[%clk 01:10:26]} {[%emt 00:00:31]} fxe5
{[%clk 00:55:39]} {[%emt 00:00:43]} 27. Bd5 {[%clk 01:10:23]} {[%emt 00:00:32]}
Rg7 {[%clk 00:55:32]} {[%emt 00:00:38]} 28. Bc6 {[%clk 01:10:10]} {[%emt
00:00:43]} Rf7 {[%clk 00:55:24]} {[%emt 00:00:37]} 29. Re2 {[%clk 01:09:53]}
{[%emt 00:00:47]} Rf4 {[%clk 00:54:31]} {[%emt 00:01:24]} 30. g3 {[%clk
01:09:42]} {[%emt 00:00:40]} a3 {[%clk 00:53:14]} {[%emt 00:01:48]} 31. gxf4
{[%clk 01:08:59]} {[%emt 00:01:11]} exf4 {[%clk 00:52:22]} {[%emt 00:01:24]}
32. Kf1 {[%clk 01:08:12]} {[%emt 00:01:16]} Ra4 {[%clk 00:50:53]} {[%emt
00:01:58]} 33. f3 {[%clk 01:08:02]} {[%emt 00:00:40]} Rc4 {[%clk 00:50:03]}
{[%emt 00:01:21]} 34. Rc1 {[%clk 01:07:51]} {[%emt 00:00:42]} Rc5 {[%clk
00:49:46]} {[%emt 00:00:36]} 35. c4 {[%clk 01:07:38]} {[%emt 00:00:54]} Rh5
{[%clk 00:49:42]} {[%emt 00:00:32]} 36. Nf5 {[%clk 01:06:28]} {[%emt 00:01:40]}
Rxh3 {[%clk 00:49:37]} {[%emt 00:00:36]} 37. Kg2 {[%clk 01:06:01]} {[%emt
00:00:55]} Rh5 {[%clk 00:48:57]} {[%emt 00:01:09]} 38. Be8 {[%clk 01:06:03]}
{[%emt 00:00:31]} Rg5+ {[%clk 00:48:11]} {[%emt 00:01:17]} 39. Kh1 {[%clk
01:04:05]} {[%emt 00:02:26]} Kg8 {[%clk 00:47:15]} {[%emt 00:01:26]} 40. Rc3
{[%clk 01:03:44]} {[%emt 00:00:53]} Rg1+ {[%clk 00:46:57]} {[%emt 00:00:48]}
41. Kh2 {[%clk 01:03:10]} {[%emt 00:01:00]} Ba5 {[%clk 00:45:04]} {[%emt
00:02:28]} 42. Kxg1 {[%clk 01:03:02]} {[%emt 00:00:34]} Bxc3 {[%clk 00:44:26]}
{[%emt 00:01:11]} 43. Rg2+ {[%clk 01:02:48]} {[%emt 00:00:43]} Kf8 {[%clk
00:44:27]} {[%emt 00:00:27]} 44. Rc2 {[%clk 01:02:41]} {[%emt 00:00:39]} Bb4
{[%clk 00:44:19]} {[%emt 00:00:39]} 45. Rh2 {[%clk 01:00:31]} {[%emt 00:02:34]}
Kxe8 {[%clk 00:44:24]} {[%emt 00:00:31]} 46. Rxh7 {[%clk 01:00:30]} {[%emt
00:00:17]} Bc5+ {[%clk 00:44:23]} {[%emt 00:00:44]} 47. Kf1 {[%clk 01:00:44]}
{[%emt 00:00:16]} Kf8 {[%clk 00:44:19]} {[%emt 00:00:33]} 48. Rxc7 {[%clk
01:00:44]} {[%emt 00:00:31]} Bb6 {[%clk 00:44:18]} {[%emt 00:00:31]} 49. Rc6
{[%clk 01:00:47]} {[%emt 00:00:23]} Ba5 {[%clk 00:43:52]} {[%emt 00:00:59]} 50.
b6 {[%clk 01:00:48]} {[%emt 00:00:31]} Kf7 {[%clk 00:40:45]} {[%emt 00:03:37]}
51. b7 {[%clk 01:00:55]} {[%emt 00:00:21]} Ke6 {[%clk 00:40:13]} {[%emt
00:01:04]} 52. b8=Q {[%emt 00:01:47]} Ke5 {[%clk 00:38:15]} {[%emt 00:00:49]}
53. Qxd6# {[%clk 01:00:46]} {[%emt 00:00:25]} 1-0